Culture Générale : Moyen #2 - Statistiques

Statistiques générales
  • Ce quiz a été pris 789 fois
  • Le résultat moyen est 11 sur 20
Statistiques - réponses
Hint Réponse % Correct
Quelle est la capitale du Canada ? Ottawa
92%
Dans quel sport collectif l'équipe masculine française est-elle la plus titrée de tous les temps ? Handball
82%
Complétez : "Mettre tous ses œufs ..." dans le même panier
81%
Quel mammifère aurait été à l'origine de la pandémie de Covid-19 (même si on sait maintenant que c'est faux) ? Pangolin
81%
Quel président français a eu le plus long mandat ? François Mitterrand
72%
Quel plat typiquement associé aux Etats-Unis fut importé par les immigrés allemands au 19è siècle ? Hamburger
67%
Quel texte religieux aurait été édité entre 632 et 634 ? Coran
65%
En quelle année s'est déroulée la bataille de Marignan ? 1515
64%
Quelle particule de charge négative se situe autour du noyau d'un atome ? Electron
63%
Quelle série de bande-dessinée a été créée par Uderzo et Goscinny ? Astérix
62%
Quel est le premier antibiotique découvert en 1928 ? Penicilline
54%
Quelle entreprise d'armement française a créé le chasseur rafale ? Dassault
50%
Quelle est la monnaie de la Chine ? Yuan
46%
Quelle basilique construite au 4e siècle se situe à Istanbul ? Sainte-Sophie
43%
Quel était le dieu des morts chez les égyptiens ? Anubis
41%
Quelle plante jaune du genre Narcissus éclot en forêt entre le mois de mars et d'avril ? Jonquille
37%
Quel groupe a remporté l'Eurovision 2021 ? Måneskin
35%
Qui a peint "La Jeune fille à la perle" ? Johannes Vermeer
23%
Comment se nomme la planète naine se situant dans la ceinture d'astéroïde principale, et qui porte aussi le nom de la déesse de l'agriculture chez les romains ? Cérès
13%
Quelle partie de la Bible raconte la vie de Jésus ? Les Evangiles
11%
Aucun quiz correspondant
Distribution des résultats
% des personnes avec chaque résultat
Percentile par nombre de réponses
Votre historique - résultats
Vous n’avez pas pris ce quiz